Вернися в дім свій (Запис № 17552)
[ простий вигляд ]
| 000 -Маркер запису | |
|---|---|
| Контрольне поле сталої довжини | 01968nam a22002537a 4500 |
| 003 - Належність контрольного номера | |
| Контрольне поле | Uzh_bibl |
| 008 - Кодовані дані | |
| Контрольне поле сталої довжини | 260429b |||||||| |||| 00| 0 ukr d |
| 020 ## - Індекс ISBN | |
| Ціна | 1.60 |
| 040 ## - Джерело каталогіз. | |
| Служба первин.кат. | укр. |
| 041 ## - Код мови видання | |
| Код мови оригіналу | українська |
| Код мови тексту | українська |
| 080 ## - Індекс УДК | |
| Індекс УДК | 821(477) |
| 090 ## - Шифри | |
| Поличний індекс | 821(477) |
| Авторський знак | М 93 |
| 100 ## - Автор | |
| Автор | Мушкетик, Юрій |
| 245 ## - Назва | |
| Назва | Вернися в дім свій |
| Фізичний носій | Текст |
| 260 ## - Вихідні дані | |
| Місце видання | Київ |
| Видавництво | Радянський письменник |
| Дата видання | 1981 |
| 300 ## - Фізичний опис | |
| Обсяг | 373 с. |
| Тип одиниці | В опр. |
| 520 ## - Анотація | |
| Анотація | У центрі твору відомого українського радянського письменника — образ сучасного архітектора Тищенка, людини чистої, відданої справі, людини високих устремлінь і моралі.<br/>Автор досліджує вічні питання добра, справедливості, обов'язку перед собою й перед суспільством, ставить персонажів роману у складні життєві ситуації, які вимагають від них граничного напруження волі, повного й глибокого виявлення найкращих людських якостей, показує своїх героїв у їхньому нелегкому коханні. |
| 521 ## - Примітка про цільове призначення | |
| Примітка про цільове призначення | Для широкого кола читачів |
| 546 ## - Примітка про мову | |
| Примітка про мову | укр. |
| 650 ## - Тематичні рубрики | |
| Основна рубрика | Літературно-художнє видання |
| Хронологічна підрубрика | Друга половина ХХ століття (радянський період, сучасний авторові час) |
| Географічна підрубрика | Україна (переважно міське середовище, ймовірно Київ) |
| 653 ## - Ключові слова | |
| Ключові слова | Обов’язок |
| -- | Мораль |
| -- | Кохання |
| -- | Вибір |
| -- | Суспільство |
| 655 ## - Термін індексування — жанр/форма | |
| Жанр/форма | Роман (соціально-психологічний) |
| Типове ділення | Роман |
| 942 ## - ADDED ENTRY ELEMENTS (KOHA) | |
| Джерело класифікації чи схема поличного розташування | |
| Koha item type | Книги |
| Статус вилучення | Статус втрати/відсутності | Джерело класифікації чи схема поличного розташування | Статус пошкодження | Тип обігу (не для випозичання) | Постійне розташування | Поточне розташування | Розташування у відділі | Дата надходження | Інвентарний номер | Total Checkouts | Повний (примірниковий) шифр зберігання | Штрих-код | Date last seen | Дата, для якої чинна ціна заміни | Тип одиниці (рівень примірника) |
|---|---|---|---|---|---|---|---|---|---|---|---|---|---|---|---|
| Публічна бібліотека | Публічна бібліотека | Абонемент | 29/04/2026 | 10523 | 821(477) | 20326 | 29/04/2026 | 29/04/2026 | Книги |